000
00305nam a22001337a 4500
003
SGT
020
_a
978-81-204-1707-6
082
_a
150
_b
T18F
100
_a
FREEMAN, FRANK S.
245
_a
THEORY AND PRACTICE OF PSYCHOLOGICAL TESTING
260
_a
INDIA
_b
CBS
_c
2018
300
_a
697
942
_2
ddc
_c
BK
999
_c
15938
_d
15938